| 000 | 00447nam a2200145Ia 4500 | ||
|---|---|---|---|
| 008 | 211109s9999||||xx |||||||||||||| ||und|| | ||
| 082 |
_a658.3 _bBEA-H |
||
| 100 | _aBeardwell, Ian | ||
| 245 | 0 | _aHuman Resource Management:A Conteporary Perspective | |
| 260 |
_bMacmillan _aLondon _c2008 |
||
| 300 | _a694p. | ||
| 630 | _xPOST GRADUATE REFERENCE | ||
| 650 |
_aTechnology _vManagement & auxiliary services _xGeneral managementCommerce |
||
| 942 | _cBOOK | ||
| 999 |
_c53497 _d53497 |
||